000 00493nam a2200181Ia 4500
001 7863
005 20260306160526.0
008 260306t2010||||xx |||||||||||||| ||spa||
041 _aESP
082 _a363.34
_bP87
100 _aKuroiwa Horiuchi, Julio
_eAUT
245 0 _a¡Alto a los desastres!:
_bvivendas seguras y saludables para los peruanos con mejores recursos
260 _c2010
300 _a399 páginas :
_c20 cm.
650 _aGEN
654 _aCAN
942 _cLIB
_dJUS
_fJUS
_2ddc
_n
999 _c7863
_d7863